| 000 | 01678njm a22003737a 4500 | ||
|---|---|---|---|
| 005 | 20100922124347.0 | ||
| 007 | sd ammalaaahaa | ||
| 008 | 100904t xxu||||| |||| 00| 0 hin d | ||
| 028 |
_aPMLP. 1092 _bHis Master's Voice |
||
| 028 |
_a2XJW. 6416 _bHis Master's Voice |
||
| 028 |
_a2XJW. 6417 _bHis Master's Voice |
||
| 035 | _aGR-07787 | ||
| 040 | _aSED/VEN | ||
| 100 |
_aKishore Kumar _91184 |
||
| 245 |
_aSuhaagan (Part-1) _bHindi Film / _cby Kishore Kumar, Asha Bhosle & Chorus; Music by Bappi Lahiri; Lyric by Indivar _h[Sound Recording] : |
||
| 246 | _aसुहागन (किशोर कुमार, आशा भोसले और कोरस) | ||
| 250 | _aP-1984 | ||
| 260 |
_aDum Dum, India : _bHis Master's Voice _cP-1985 |
||
| 300 |
_a1 sound disc [Gramophone Recording] : _banalog, 33 1/3 rpm ; _c12 in. [LP] _fGramophone Records |
||
| 500 | _aBrief Records | ||
| 500 | _aRecord Lables: His Master's Voice, Red | ||
| 505 | _aगीत साइड-1; छम छम छइया छइया (सुहागन) (किशोर कुमार, आशा भोसले और कोरस), गीत साइड-2; तू लड़का गरम मसाला (किशोर कुमार और एस. जानुकी) (भाग-2) | ||
| 600 |
_aKishore Kumar _920735 |
||
| 650 |
_aClassical Music _xExcerpts _zIndia _918309 |
||
| 700 |
_918319 _aBhosle, Asha |
||
| 700 |
_918320 _aChorus |
||
| 700 |
_919413 _aS. Janki |
||
| 700 | _919439 | ||
| 700 | _921090 | ||
| 700 | _921091 | ||
| 700 | _921103 | ||
| 942 |
_2ddc _cGR |
||
| 999 |
_c47474 _d47474 |
||